[Event "Stay Safe Play From Home 130"]
[Site "T#645803Emanuel Laske"]
[Date "2020.05.07"]
[Round "8"]
[White "Lazieri3"]
[Black "Onlyforchess"]
[Result "0-1"]
[WhiteElo "2096"]
[BlackElo "2535"]
[Annotator "RC"]
[PlyCount "102"]
[EventDate "2020.05.07"]
[EventType "swiss (blitz)"]

1. e4 {[%emt 0:00:02]} c5 {[%emt 0:00:00] Lazieri3 offers a draw} 2. Nc3 {[%emt 0:00:02]} Nc6 {[%emt 0:00:01]} 3. d3 {[%emt 0:00:00]} e5 {[%emt 0:00:00]} 4. Nf3 {[%emt 0:00:00]} d6 {[%emt 0:00:00]} 5. Bg5 {[%emt 0:00:00]} Be7 {[%emt 0:00:01]} 6. Bxe7 {[%emt 0:00:00]} Ngxe7 {[%emt 0:00:00]} 7. Be2 {[%emt 0:00:02]} O-O {[%emt 0:00:00]} 8. O-O {[%emt 0:00:01]} f5 {[%emt 0:00:00]} 9. exf5 {[%emt 0:00:01]} Nxf5 {[%emt 0:00:01]} 10. Nd5 {[%emt 0:00:01]} Be6 {[%emt 0:00:01]} 11. Ne3 {[%emt 0:00:01]} Nfd4 {[%emt 0:00:01]} 12. Nxd4 {[%emt 0:00:01]} Nxd4 {[%emt 0:00:00]} 13. Bg4 {[%emt 0:00:02]} Qd7 {[%emt 0:00:01]} 14. Bxe6+ {[%emt 0:00:01]} Qxe6 {[%emt 0:00:00]} 15. c3 {[%emt 0:00:01]} Nf5 {[%emt 0:00:01]} 16. Nxf5 {[%emt 0:00:01]} Rxf5 {[%emt 0:00:00]} 17. d4 {[%emt 0:00:03]} Raf8 {[%emt 0:00:01]} 18. dxe5 {[%emt 0:00:01]} Rxe5 {[%emt 0:00:01]} 19. Re1 {[%emt 0:00:03]} d5 {[%emt 0:00:01]} 20. Rxe5 {[%emt 0:00:01]} Qxe5 {[%emt 0:00:00]} 21. Qd2 {[%emt 0:00:01]} b6 {[%emt 0:00:01]} 22. Re1 {[%emt 0:00:01]} Qf5 {[%emt 0:00:00]} 23. Qe2 {[%emt 0:00:03]} h6 {[%emt 0:00:01]} 24. Qe6+ {[%emt 0:00:02]} Qxe6 {[%emt 0:00:02]} 25. Rxe6 {[%emt 0:00:00]} Rd8 {[%emt 0:00:00]} 26. Re7 {[%emt 0:00:01]} d4 {[%emt 0:00:01]} 27. cxd4 {[%emt 0:00:01]} Rxd4 {[%emt 0:00:00]} 28. Kf1 {[%emt 0:00:03]} a5 {[%emt 0:00:04]} 29. Ke2 {[%emt 0:00:02]} Rb4 {[%emt 0:00:01]} 30. b3 {[%emt 0:00:01]} a4 {[%emt 0:00:00]} 31. Re3 {[%emt 0:00:05]} a3 {[%emt 0:00:03]} 32. Kd3 {[%emt 0:00:03]} Kf7 {[%emt 0:00:01]} 33. Re4 {[%emt 0:00:02]} Rxe4 {[%emt 0:00:03]} 34. Kxe4 {[%emt 0:00:00]} Ke6 {[%emt 0:00:01]} 35. f4 {[%emt 0:00:00]} g6 {[%emt 0:00:01]} 36. g4 {[%emt 0:00:01]} h5 {[%emt 0:00:03]} 37. h3 {[%emt 0:00:01]} h4 {[%emt 0:00:02]} 38. Ke3 {[%emt 0:00:02]} Kd5 {[%emt 0:00:01]} 39. Kd3 {[%emt 0:00:01]} b5 {[%emt 0:00:01]} 40. Ke3 {[%emt 0:00:01]} c4 {[%emt 0:00:02]} 41. bxc4+ {[%emt 0:00:00]} bxc4 {[%emt 0:00:00]} 42. f5 {[%emt 0:00:04]} gxf5 {[%emt 0:00:00]} 43. gxf5 {[%emt 0:00:00]} Ke5 {[%emt 0:00:00]} 44. f6 {[%emt 0:00:01]} Kxf6 {[%emt 0:00:01]} 45. Kd4 {[%emt 0:00:00]} Kf5 {[%emt 0:00:01]} 46. Kxc4 {[%emt 0:00:01]} Kf4 {[%emt 0:00:00]} 47. Kd4 {[%emt 0:00:01]} Kg3 {[%emt 0:00:00]} 48. Ke3 {[%emt 0:00:00]} Kxh3 {[%emt 0:00:00]} 49. Kf3 {[%emt 0:00:00]} Kh2 {[%emt 0:00:02]} 50. Kf2 {[%emt 0:00:00]} h3 {[%emt 0:00:00]} 51. Kf1 {[%emt 0:00:01]} Kg3 {[%emt 0:00:00] Time (Lag: Av=0.56s, max=0.8s)} 0-1

[Event "Stay Safe Play From Home 130"]
[Site "T#645803Emanuel Laske"]
[Date "2020.05.07"]
[Round "8"]
[White "matanant"]
[Black "CastlingArrocco"]
[Result "0-1"]
[WhiteElo "1651"]
[BlackElo "1977"]
[Annotator "NA"]
[PlyCount "64"]
[EventDate "2020.05.07"]
[EventType "swiss (blitz)"]

1. b3 {[%emt 0:00:01]} d6 {[%emt 0:00:00]} 2. Bb2 {[%emt 0:00:02]} e5 {[%emt 0:00:00]} 3. e3 {[%emt 0:00:01]} Nf6 {[%emt 0:00:00]} 4. d4 {[%emt 0:00:00]} Nbd7 {[%emt 0:00:00]} 5. dxe5 {[%emt 0:00:02]} dxe5 {[%emt 0:00:00]} 6. Nf3 {[%emt 0:00:02]} Bd6 {[%emt 0:00:03]} 7. Na3 {[%emt 0:00:01]} Qe7 {[%emt 0:00:02]} 8. Nc4 {[%emt 0:00:01]} O-O {[%emt 0:00:01]} 9. Nxd6 {[%emt 0:00:02]} cxd6 {[%emt 0:00:01]} 10. c4 {[%emt 0:00:04]} Nc5 {[%emt 0:00:01]} 11. Be2 {[%emt 0:00:02]} Be6 {[%emt 0:00:01]} 12. O-O {[%emt 0:00:01]} Rfd8 {[%emt 0:00:01]} 13. b4 {[%emt 0:00:03]} Na6 {[%emt 0:00:01]} 14. a3 {[%emt 0:00:02]} Nc7 {[%emt 0:00:01]} 15. Qc2 {[%emt 0:00:02]} e4 {[%emt 0:00:01]} 16. Nd2 {[%emt 0:00:01]} d5 {[%emt 0:00:01]} 17. cxd5 {[%emt 0:00:02]} Ncxd5 {[%emt 0:00:00]} 18. Nxe4 {[%emt 0:00:04]} Nxe4 {[%emt 0:00:03]} 19. Qxe4 {[%emt 0:00:01]} Rac8 {[%emt 0:00:00]} 20. Qd4 {[%emt 0:00:04]} Qf6 {[%emt 0:00:04]} 21. Qxf6 {[%emt 0:00:02]} gxf6 {[%emt 0:00:00]} 22. Bf3 {[%emt 0:00:02]} Rc2 {[%emt 0:00:01]} 23. Bd4 {[%emt 0:00:01]} Rdc8 {[%emt 0:00:01]} 24. Bxa7 {[%emt 0:00:03]} Rd2 {[%emt 0:00:01]} 25. Bxd5 {[%emt 0:00:02]} Bxd5 {[%emt 0:00:01]} 26. Rac1 {[%emt 0:00:01]} Rd8 {[%emt 0:00:01]} 27. Rfd1 {[%emt 0:00:02]} Ra2 {[%emt 0:00:01]} 28. Rc5 {[%emt 0:00:02]} Rxa3 {[%emt 0:00:03]} 29. Bb6 {[%emt 0:00:01]} Rd7 {[%emt 0:00:01]} 30. Rcxd5 {[%emt 0:00:01]} Rxd5 {[%emt 0:00:01]} 31. Rc1 {[%emt 0:00:03]} Rd2 {[%emt 0:00:02]} 32. Bd4 {[%emt 0:00:00]} Raa2 {[%emt 0:00:01]} 0-1

[Event "Stay Safe Play From Home 130"]
[Site "T#645803Emanuel Laske"]
[Date "2020.05.07"]
[Round "9"]
[White "Onlyforchess"]
[Black "Lamborghini"]
[Result "1-0"]
[WhiteElo "2538"]
[BlackElo "2319"]
[Annotator "TA"]
[PlyCount "61"]
[EventDate "2020.05.07"]
[EventType "swiss (blitz)"]

{[%evp 20,60,45,-8,55,51,51,51,51,51,52,48,50,61,61,41,148,37,31,25,32,47,66,67,68,81,125,132,208,200,229,244,240,229,29995,29996,29996,29997,29997,29997,29997,29998,29999]} 1. e4 c5 2. Nf3 d6 3. d4 cxd4 4. Nxd4 Nf6 5. Nc3 g6 6. Be3 Bg7 7. f3 O-O 8. Qd2 Nc6 9. O-O-O d5 10. Qe1 e6 11. g4 (11. h4 $14) 11... Re8 {B76: Sicilian Dragon: Yugoslav Attack, 9 g4 and 9 0-0-0.} ({Black should play} 11... e5 $11 12. Nxc6 {[%mdl 64] Discovered Attack} bxc6) 12. h4 Nxd4 {[#]} 13. Rxd4 $146 ({Predecessor:} 13. Bxd4 e5 14. Bf2 d4 15. g5 Nh5 16. Nd5 Be6 17. Bc4 Rc8 18. Bb3 a5 19. Kb1 b5 20. a3 Rc5 21. c3 Nf4 22. cxd4 exd4 23. Bxd4 Bxd4 24. Rxd4 Nxd5 {½-½ (24) Sterck,A (2168)-Dgebuadze,A (2524) Niel 2017}) 13... e5 {White is slightly better.} 14. Rxd5 $1 Nxd5 15. Nxd5 Be6 16. Bc4 Rc8 17. Bb3 a5 (17... h6 $14) 18. a4 (18. Bg5 $16 f6 19. Be3) 18... Bxd5 $1 $14 19. Bxd5 Qd7 $1 20. b3 b5 21. Qxa5 bxa4 22. Qxa4 Qc7 {[%csl Gc8][%cal Rc7c2] [#]} 23. c4 Rb8 (23... Bf8 $16 {might work better.}) 24. h5 Bf8 25. hxg6 hxg6 26. Qa6 {White wants to mate with Qxg6+.} Kg7 $2 (26... Qd6 $18 27. Qxd6 Bxd6) 27. Bh6+ {White mates.} Kh7 28. Bxf8+ Kg8 29. Qxg6+ Kxf8 {[#]} 30. Qf6 $1 {[%cal Rh1h8]} Qa5 31. Rh8# {Accuracy: White = 84%, Black = 43%.} 1-0

[Event "Stay Safe Play From Home 130"]
[Site "T#645803Emanuel Laske"]
[Date "2020.05.07"]
[Round "9"]
[White "Kubas"]
[Black "Shatarchin7"]
[Result "1-0"]
[WhiteElo "2433"]
[BlackElo "2155"]
[Annotator "TA"]
[PlyCount "91"]
[EventDate "2020.05.07"]
[EventType "swiss (blitz)"]

{[%evp 15,91,22,83,-1,0,0,0,12,0,10,102,78,104,70,350,232,220,143,160,141,200,115,138,131,151,94,79,41,70,67,643,653,608,29,34,9,12,0,0,0,0,0,0,0,259,265,251,182,233,206,196,97,92,93,168,175,232,211,202,0,217,223,207,139,370,286,294,289,328,306,500,485,443,338,2310,2262,1875,1677]} 1. d4 Nf6 2. c4 e6 3. Nc3 Bb4 4. e3 O-O 5. Bd3 c5 6. Nf3 b6 7. O-O Bxc3 8. bxc3 Nc6 {[#]} (8... Bb7 $11) 9. d5 {E50: Nimzo-Indian: Rubinstein: 4...0-0 5 Nf3.} (9. e4 $1 $16) 9... exd5 $11 10. cxd5 {[#]} Nxd5 $146 ({Predecessor:} 10... Ne7 11. e4 d6 12. Nd2 Ng4 13. c4 Ne5 14. Be2 f5 15. f4 N5g6 16. g3 fxe4 17. Nxe4 {½-½ (23) Pozdniakov,V (2174)-Mikhailovsky,V (2023) Omsk 2013}) 11. Bxh7+ {The position is equal.} Kxh7 12. Qxd5 g6 (12... Kg8 $11) 13. c4 Ba6 14. Bb2 $36 {[%mdl 2048] Black must now prevent Ng5+. White is more active.} Ne7 $2 {[%mdl 8192]} (14... f6 $14) 15. Qe5 {[%csl Gb2][%cal Re5g7]} f6 16. Qg3 {And now Qh4+ would win.} Nf5 17. Qh3+ Kg7 (17... Nh6 $16) 18. g4 (18. e4 $18 Nd4 19. e5 (19. Nxd4 cxd4 20. Rfd1 Bxc4 $16) 19... Bxc4 20. Nxd4 cxd4 21. Bxd4 Bxf1 22. exf6+ (22. Kxf1 Rc8 $16) (22. Rxf1 Qe7 $16) 22... Rxf6 23. Kxf1 (23. Rxf1 Qe7 $16)) 18... Rh8 $16 19. Qg2 Nh4 20. Nxh4 Rxh4 21. g5 Kf7 22. Bxf6 Qc7 $2 {[%mdl 8192]} (22... Qe8 $14) 23. Qd5+ $18 Kf8 {[%csl Gh4][%cal Rc7h2]} 24. Be5 $2 ({White has to play} 24. Qxa8+ $18 Bc8 25. f4) 24... Qc6 25. Qxc6 (25. Bd6+ {seems wilder.} Kg7 26. Qxc6 dxc6 27. Rfd1 Bxc4 28. f3) 25... dxc6 26. f3 Rh5 27. Bf4 Bxc4 28. Rfd1 Be2 29. Rd6 {[%mdl 64] [#] Double Attack} Kf7 $2 {[%mdl 8192]} (29... Bxf3 $11 {and Black has nothing to worry.} 30. Rxg6 Be4 31. Rf6+ Kg8) 30. Kf2 Bc4 31. a4 ({Don't take} 31. Rxc6 $6 Rd8 $16) 31... Bd5 (31... Be6 {might work better.} 32. a5 (32. Rxc6 Rc8 $16) 32... Rhh8) 32. e4 Be6 33. Rad1 (33. Rxc6 $18 {is more deadly. aiming for a5.} Rc8 34. Rd6) 33... Rc8 $16 34. Rd8 Rxd8 (34... Rh8 $16 {was worth a try.} 35. Rxh8 Rxh8) 35. Rxd8 {[%mdl 4096] Endgame KRB-KRB} Rh4 (35... a5 $142 36. Rb8 b5) 36. Bg3 Rh5 37. Bf4 Rh4 $1 {[%cal Rh4f4]} 38. Ke3 Rh3 39. Rd6 Bg4 $2 (39... Rh8 $16 {keeps fighting.} 40. Rxc6 Rc8 41. Rxc8 Bxc8) 40. Bg3 Be6 41. Rxc6 Bb3 42. Rc7+ Ke6 $2 (42... Kg8 43. Rxa7 Bd1) 43. Rxa7 $18 c4 44. Ra6 c3 $2 (44... Kf7 45. Rxb6 Bxa4) 45. Rxb6+ {[%mdl 64] Double Attack} Kd7 46. Rxb3 {Accuracy: White = 54%, Black = 43%.} 1-0

[Event "Stay Safe Play From Home 130"]
[Site "T#645803Emanuel Laske"]
[Date "2020.05.07"]
[Round "9"]
[White "rohit2007"]
[Black "CastlingArrocco"]
[Result "0-1"]
[WhiteElo "2195"]
[BlackElo "1982"]
[PlyCount "44"]
[EventDate "2020.05.07"]
[EventType "swiss (blitz)"]

1. e4 {[%emt 0:00:01]} e6 {[%emt 0:00:02]} 2. d4 {[%emt 0:00:01]} d5 {[%emt 0:00:00]} 3. e5 {[%emt 0:00:00]} c5 {[%emt 0:00:01]} 4. c3 {[%emt 0:00:00]} cxd4 {[%emt 0:00:00]} 5. cxd4 {[%emt 0:00:01]} Nc6 {[%emt 0:00:00]} 6. Nc3 {[%emt 0:00:01]} Nge7 {[%emt 0:00:00]} 7. Nf3 {[%emt 0:00:00]} Ng6 {[%emt 0:00:00]} 8. Bb5 {[%emt 0:00:01]} Be7 {[%emt 0:00:00]} 9. O-O {[%emt 0:00:01]} O-O {[%emt 0:00:01]} 10. g3 {[%emt 0:00:01]} Bd7 {[%emt 0:00:01]} 11. h4 {[%emt 0:00:00]} f6 {[%emt 0:00:01]} 12. h5 {[%emt 0:00:01]} Nh8 {[%emt 0:00:01]} 13. exf6 {[%emt 0:00:01]} gxf6 {[%emt 0:00:01]} 14. Bxc6 {[%emt 0:00:00]} Bxc6 {[%emt 0:00:01]} 15. Bh6 {[%emt 0:00:01]} Re8 {[%emt 0:00:02]} 16. Ne5 {[%emt 0:00:01]} fxe5 {[%emt 0:00:01]} 17. Qg4+ {[%emt 0:00:00]} Ng6 {[%emt 0:00:01]} 18. Qxe6+ {[%emt 0:00:01]} Kh8 {[%emt 0:00:01]} 19. hxg6 {[%emt 0:00:01]} hxg6 {[%emt 0:00:01]} 20. Qf7 {[%emt 0:00:01]} Bf6 {[%emt 0:00:02]} 21. Qxg6 {[%emt 0:00:01]} Rg8 {[%emt 0:00:01]} 22. Qg5 {[%emt 0:00:01]} Bxg5 {[%emt 0:00:01] rohit2007 resigns (Lag: Av=0.31s, max=0.4s)} 0-1

[Event "Stay Safe Play From Home 130"]
[Site "T#645803Emanuel Laske"]
[Date "2020.05.07"]
[Round "9"]
[White "SoulofWolf"]
[Black "Lazieri3"]
[Result "0-1"]
[WhiteElo "2185"]
[BlackElo "2093"]
[PlyCount "180"]
[EventDate "2020.05.07"]
[EventType "swiss (blitz)"]

1. d4 {[%emt 0:00:00]} d5 {[%emt 0:00:00]} 2. Nf3 {[%emt 0:00:00]} c6 {[%emt 0:00:00]} 3. Bg5 {[%emt 0:00:03]} Nf6 {[%emt 0:00:00]} 4. Nbd2 {[%emt 0:00:00]} Bf5 {[%emt 0:00:01]} 5. e3 {[%emt 0:00:01]} Ne4 {[%emt 0:00:01]} 6. Bf4 {[%emt 0:00:01]} Nxd2 {[%emt 0:00:01]} 7. Qxd2 {[%emt 0:00:00]} e6 {[%emt 0:00:00]} 8. Bd3 {[%emt 0:00:00]} Bxd3 {[%emt 0:00:01]} 9. Qxd3 {[%emt 0:00:00]} Bd6 {[%emt 0:00:00]} 10. O-O {[%emt 0:00:00]} Bxf4 {[%emt 0:00:01]} 11. exf4 {[%emt 0:00:00]} O-O {[%emt 0:00:00]} 12. g3 {[%emt 0:00:00]} Nd7 {[%emt 0:00:01]} 13. c3 {[%emt 0:00:00]} h6 {[%emt 0:00:01]} 14. Rae1 {[%emt 0:00:00]} Rc8 {[%emt 0:00:01]} 15. Re2 {[%emt 0:00:00]} c5 {[%emt 0:00:01]} 16. Rfe1 {[%emt 0:00:00]} cxd4 {[%emt 0:00:01]} 17. Nxd4 {[%emt 0:00:00]} Nc5 {[%emt 0:00:01]} 18. Qe3 {[%emt 0:00:02]} Ne4 {[%emt 0:00:01]} 19. f3 {[%emt 0:00:00]} Nf6 {[%emt 0:00:02]} 20. Kg2 {[%emt 0:00:01]} a6 {[%emt 0:00:02]} 21. a3 {[%emt 0:00:01]} Qc7 {[%emt 0:00:01]} 22. Nc2 {[%emt 0:00:02]} Qc5 {[%emt 0:00:01]} 23. Qd2 {[%emt 0:00:00]} Rfd8 {[%emt 0:00:01]} 24. Nd4 {[%emt 0:00:00]} Qc4 {[%emt 0:00:01]} 25. Re3 {[%emt 0:00:03]} Nd7 {[%emt 0:00:01]} 26. R1e2 {[%emt 0:00:01]} Nc5 {[%emt 0:00:01]} 27. h4 {[%emt 0:00:02]} Nb3 {[%emt 0:00:01]} 28. Nxb3 {[%emt 0:00:02]} Qxb3 {[%emt 0:00:00]} 29. Qd4 {[%emt 0:00:02]} Qc4 {[%emt 0:00:03]} 30. Qe5 {[%emt 0:00:00]} Qc7 {[%emt 0:00:01]} 31. Qd4 {[%emt 0:00:01]} Qc5 {[%emt 0:00:01]} 32. Qd2 {[%emt 0:00:00]} b5 {[%emt 0:00:01]} 33. Qc2 {[%emt 0:00:01]} a5 {[%emt 0:00:01]} 34. Qd2 {[%emt 0:00:01]} b4 {[%emt 0:00:01]} 35. cxb4 {[%emt 0:00:00]} axb4 {[%emt 0:00:00]} 36. axb4 {[%emt 0:00:00]} Qb5 {[%emt 0:00:01]} 37. f5 {[%emt 0:00:04]} exf5 {[%emt 0:00:01]} 38. Re5 {[%emt 0:00:01]} Rc4 {[%emt 0:00:02]} 39. Rxf5 {[%emt 0:00:01]} Qxb4 {[%emt 0:00:01]} 40. Qxb4 {[%emt 0:00:05]} Rxb4 {[%emt 0:00:00]} 41. Rd2 {[%emt 0:00:00]} d4 {[%emt 0:00:01]} 42. Re5 {[%emt 0:00:01]} d3 {[%emt 0:00:02]} 43. Re3 {[%emt 0:00:01]} Rb3 {[%emt 0:00:01]} 44. Kf2 {[%emt 0:00:01]} Rdb8 {[%emt 0:00:00]} 45. f4 {[%emt 0:00:01]} Rxb2 {[%emt 0:00:00]} 46. Rexd3 {[%emt 0:00:00]} Rxd2+ {[%emt 0:00:01]} 47. Rxd2 {[%emt 0:00:00]} f6 {[%emt 0:00:00]} 48. Kf3 {[%emt 0:00:00]} Re8 {[%emt 0:00:00]} 49. Rd7 {[%emt 0:00:01]} Kf8 {[%emt 0:00:01]} 50. Ra7 {[%emt 0:00:00]} Re7 {[%emt 0:00:00]} 51. Ra3 {[%emt 0:00:00]} Kf7 {[%emt 0:00:00]} 52. Rd3 {[%emt 0:00:00]} Re6 {[%emt 0:00:00]} 53. Rb3 {[%emt 0:00:00]} Re7 {[%emt 0:00:00]} 54. Rb1 {[%emt 0:00:00]} h5 {[%emt 0:00:01]} 55. Rg1 {[%emt 0:00:00]} g6 {[%emt 0:00:00]} 56. Rc1 {[%emt 0:00:00]} f5 {[%emt 0:00:01]} 57. Rc5 {[%emt 0:00:00]} Re6 {[%emt 0:00:01]} 58. Rc8 {[%emt 0:00:00]} Re7 {[%emt 0:00:00]} 59. Rh8 {[%emt 0:00:00]} Kf6 {[%emt 0:00:00]} 60. Ra8 {[%emt 0:00:00]} Re6 {[%emt 0:00:01]} 61. Ra5 {[%emt 0:00:00]} Re7 {[%emt 0:00:00]} 62. Rd5 {[%emt 0:00:00]} Re6 {[%emt 0:00:00]} 63. Rd8 {[%emt 0:00:00]} Re7 {[%emt 0:00:00]} 64. Rf8+ {[%emt 0:00:00]} Rf7 {[%emt 0:00:00]} 65. Rb8 {[%emt 0:00:00]} Re7 {[%emt 0:00:00]} 66. Rb1 {[%emt 0:00:00]} Re6 {[%emt 0:00:00]} 67. Rh1 {[%emt 0:00:00]} Re7 {[%emt 0:00:00]} 68. Rg1 {[%emt 0:00:00]} Rf7 {[%emt 0:00:00]} 69. Rg2 {[%emt 0:00:00]} Re7 {[%emt 0:00:01]} 70. Rh2 {[%emt 0:00:00]} Re6 {[%emt 0:00:00]} 71. Rd2 {[%emt 0:00:00]} g5 {[%emt 0:00:00]} 72. Rd4 {[%emt 0:00:00]} g4+ {[%emt 0:00:00]} 73. Kf2 {[%emt 0:00:01]} Re7 {[%emt 0:00:00]} 74. Rd6+ {[%emt 0:00:00]} Kg7 {[%emt 0:00:01]} 75. Rc6 {[%emt 0:00:02]} Rf7 {[%emt 0:00:00]} 76. Rf6 {[%emt 0:00:01]} Rxf6 {[%emt 0:00:00]} 77. Ke3 {[%emt 0:00:01]} Re6+ {[%emt 0:00:00]} 78. Kd4 {[%emt 0:00:00]} Re4+ {[%emt 0:00:00]} 79. Kd5 {[%emt 0:00:01]} Kf6 {[%emt 0:00:00]} 80. Kd6 {[%emt 0:00:00]} Re3 {[%emt 0:00:00]} 81. Kd5 {[%emt 0:00:00]} Rxg3 {[%emt 0:00:00]} 82. Kd6 {[%emt 0:00:01]} Rf3 {[%emt 0:00:00]} 83. Kd7 {[%emt 0:00:00]} Rxf4 {[%emt 0:00:00]} 84. Ke8 {[%emt 0:00:00]} g3 {[%emt 0:00:00]} 85. Kf8 {[%emt 0:00:00]} g2 {[%emt 0:00:00]} 86. Ke8 {[%emt 0:00:01]} g1=Q {[%emt 0:00:00]} 87. Kf8 {[%emt 0:00:00]} Rf3 {[%emt 0:00:01]} 88. Ke8 {[%emt 0:00:01]} Qg7 {[%emt 0:00:00]} 89. Kd8 {[%emt 0:00:01]} Ra3 {[%emt 0:00:00]} 90. Kc8 {[%emt 0:00:00]} Ra8# {[%emt 0:00:00] (Lag: Av=0.57s, max=1.2s)} 0-1

[Event "Stay Safe Play From Home 130"]
[Site "T#645803Emanuel Laske"]
[Date "2020.05.07"]
[Round "9"]
[White "Little champs"]
[Black "matanant"]
[Result "1-0"]
[WhiteElo "2149"]
[BlackElo "1647"]
[PlyCount "59"]
[EventDate "2020.05.07"]
[EventType "swiss (blitz)"]

1. d4 {[%emt 0:00:01]} e6 {[%emt 0:00:02]} 2. Nf3 {[%emt 0:00:01]} f5 {[%emt 0:00:00]} 3. g3 {[%emt 0:00:00]} Nf6 {[%emt 0:00:01]} 4. Bg2 {[%emt 0:00:00]} d5 {[%emt 0:00:00]} 5. O-O {[%emt 0:00:00]} Bd6 {[%emt 0:00:02]} 6. c4 {[%emt 0:00:00]} c6 {[%emt 0:00:01]} 7. Nc3 {[%emt 0:00:01]} O-O {[%emt 0:00:01]} 8. Ne5 {[%emt 0:00:00]} Ne4 {[%emt 0:00:02]} 9. Nxe4 {[%emt 0:00:01]} fxe4 {[%emt 0:00:01]} 10. f4 {[%emt 0:00:00]} Bxe5 {[%emt 0:00:03]} 11. dxe5 {[%emt 0:00:01]} Bd7 {[%emt 0:00:02]} 12. Be3 {[%emt 0:00:02]} Be8 {[%emt 0:00:03]} 13. Rc1 {[%emt 0:00:01]} Bh5 {[%emt 0:00:05]} 14. Qd2 {[%emt 0:00:03]} h6 {[%emt 0:00:03]} 15. h3 {[%emt 0:00:02]} Nd7 {[%emt 0:00:03]} 16. g4 {[%emt 0:00:01]} Bf7 {[%emt 0:00:03]} 17. cxd5 {[%emt 0:00:01]} exd5 {[%emt 0:00:02]} 18. Bd4 {[%emt 0:00:03]} Kh7 {[%emt 0:00:02]} 19. b4 {[%emt 0:00:01]} Rc8 {[%emt 0:00:02]} 20. f5 {[%emt 0:00:01]} b6 {[%emt 0:00:02]} 21. e6 {[%emt 0:00:01]} Nf6 {[%emt 0:00:10]} 22. exf7 {[%emt 0:00:02]} Rxf7 {[%emt 0:00:01]} 23. g5 {[%emt 0:00:01]} Nd7 {[%emt 0:00:05]} 24. g6+ {[%emt 0:00:01]} Kg8 {[%emt 0:00:02]} 25. gxf7+ {[%emt 0:00:01]} Kxf7 {[%emt 0:00:00]} 26. f6 {[%emt 0:00:01]} gxf6 {[%emt 0:00:01]} 27. Qxh6 {[%emt 0:00:01]} Qg8 {[%emt 0:00:00]} 28. Qh5+ {[%emt 0:00:01]} Qg6 {[%emt 0:00:01]} 29. Qxg6+ {[%emt 0:00:01]} Kxg6 {[%emt 0:00:00]} 30. h4 {[%emt 0:00:00] Time (Lag: Av=0.63s, max=0.8s)} 1-0

[Event "Stay Safe Play From Home 130"]
[Site "T#645803Emanuel Laske"]
[Date "2020.05.07"]
[Round "9"]
[White "Edmatuag"]
[Black "Indianquant"]
[Result "0-1"]
[WhiteElo "1669"]
[BlackElo "2340"]
[Annotator "TA"]
[PlyCount "62"]
[EventDate "2020.05.07"]
[EventType "swiss (blitz)"]

{[%evp 13,62,21,15,10,18,0,12,0,19,10,16,18,37,-52,2,6,19,9,12,0,6,0,17,-40,-45,-49,-40,-110,-103,-106,-112,-125,-80,-356,-92,-185,-99,-88,-91,-170,-172,-180,-186,-243,-234,-275,-280,-362,-194,-212,-172]} 1. e4 c5 2. Nf3 d6 3. d4 cxd4 4. Nxd4 Nf6 5. Nc3 a6 6. Be2 e5 7. Nb3 Be7 8. Qd3 {B92: Sicilian Najdorf: 6 Be2.} Be6 9. O-O Nbd7 10. Bd2 {The position is equal.} O-O 11. Nd5 Bxd5 12. exd5 Rc8 {[#]} 13. Kh1 $146 (13. c4 $14) ({Predecessor:} 13. c4 b6 14. Rac1 a5 15. a4 Nc5 16. Nxc5 dxc5 17. Bf3 Bd6 18. b3 Ne8 19. g3 {0-1 (46) Kushagra,M (2283)-Ter Sahakyan,S (2547) Ahmedabad 2018}) 13... Re8 (13... e4 $15 14. Qd4 Rxc2) 14. c4 $11 Bf8 15. Rac1 e4 16. Qe3 Ne5 17. Bc3 (17. Ba5 {keeps more tension.} Qd7 18. Bb6 Neg4 19. Qg5 Ne5 20. Nd4) 17... g6 18. Bxe5 ({White should play} 18. h3 $11) 18... Rxe5 $15 19. Nd4 h5 20. f4 (20. Qb3 $15) 20... exf3 $1 $17 21. Qxf3 Bg7 22. Bd3 Qe7 23. Qf2 $2 {[%mdl 8192] [#]} (23. Rcd1 $17 {might work better.}) 23... Re8 $2 (23... Ng4 $19 {has better winning chances.} 24. Qg1 Bh6) 24. h3 (24. Qc2 $17) 24... Ne4 (24... Re3 $19 25. Bc2 Ng4) 25. Bxe4 Rxe4 26. Nf3 (26. Rcd1 $17) 26... Re2 $19 {[%mdl 64] [#] Double Attack} 27. Qg1 Bxb2 28. Rce1 (28. Rb1 {was necessary.}) 28... Bc3 {[%mdl 64] Discovered Attack} 29. Rxe2 Qxe2 {[%mdl 64] Double Attack} 30. Rf2 Qe7 (30... Qxc4 $142 31. Rc2 Qd3) 31. Rc2 Bf6 {Accuracy: White = 45%, Black = 60%.} 0-1